00267 a2200133 450000100060000002000180000604000360002410000220006024000140008224500090009630000080010536200090011365000110012225891 a9788576653202 cAnchieta - São Paulo/Itaigara aGomes, Laurentino10a1808lpor10a1808 a3670 a2014 4aBrasil